000 00521nam a2200181Ia 4500
003 GCL
008 140319s9999 xx 000 0 eng d
040 _aGCL /
_cGCL
082 0 4 _aCC
_b069.0962
_bE G
100 1 _aEGYPTION ANTIQUITIES ORGANIZATION
245 1 0 _aTHE LUXOR MUSEUM OF ANCIENT EGYPTIAN ART /
_cEGYPTION ANTIQUITIES ORGANIZATION
260 _a[S.N] :
_bEGYPTIAN ANTIQUITIES ORGANIZATION ،
_c1978
300 _a128
650 0 4 _aLUXOR
650 0 4 _aEGYPT
650 0 4 _aEGYPT - HISTORY
942 _2ddc
_cBK
999 _c19899
_d19899